Culture Générale - Série 311 - Statistiques

Statistiques générales
  • Ce quiz a été pris 231 fois
  • Le résultat moyen est 4 sur 10
Statistiques - réponses
Question Réponse % Correct
Quelle héroïne française a été condamnée au bûcher et exécutée à Rouen en 1431 ? Jeanne d'Arc
98%
Quel faubourg de Londres a donné son nom au méridien origine ? Greenwich
83%
Quel chef d'entreprise animait l'émission "Ambitions" ? Bernard Tapie
55%
En 1905, Franz Lehar a écrit l'opérette "La Veuve... Joyeuse
47%
Dans "Les Choristes", qui joue le surveillant nommé Chabert ? Kad Merad
45%
En 1973, qui est le 2e homme dans la ville aux côtés d'Alain Delon ? Jean Gabin
32%
De quel groupe de zouk font partie Jocelyne Beroard et Jacob Desvarieux ? ' Kassav
32%
Quel est le prénom du grand couturier Castelbajac ? Jean-Charles
24%
Qui joue l'amante de l'homme bloqué dans "Ascenseur pour l'échafaud" ? Jeanne Moreau
16%
Quel animateur répétait toujours : "Méfiez-vous des contrefaçons" ? Karl Zéro
8%
Aucun quiz correspondant
Distribution des résultats
% des personnes avec chaque résultat
Percentile par nombre de réponses
Votre historique - résultats
Vous n’avez pas pris ce quiz